000 00855nam0a22002411 4500
001 rc\2748896
005 20250529144122.0
035 _a(NLR Aleph) 006875857
090 _a6995941
_c6995941
100 _a20110915d1939 |||y0rusy50 ca
101 0 _arus
102 _aRU
105 _aa z |||||
200 1 _aМои рационализаторские предложения
_fА. А. Ряхин, стахановец-механик швейной ф-ки № 7
210 _aМосква
_aЛенинград
_cГизлегпром
_d1939
_eСерпухов
215 _a20 с.
_cчерт.
_d14 см.
225 1 _aБиблиотечка стахановца швейной промышленности
700 1 _aРяхин
_bА.А.
801 0 _aRU
_bNLR
_gpsbo
801 1 _aRU
_bELAR
_2rusmarc
852 _aNLR
_j39-8/128
942 _cBOOK
980 _aNB